10 Longest Rivers in Each U.S. State - Statistics

General Stats
  • This quiz has been taken 85 times
    84 since last reset
  • The average score is 101 of 500
Answer Stats
Alabama % Correct
Mississippi
83%
Missouri
83%
Ohio
77%
Hudson
75%
Colorado
73%
Grand
69%
Arkansas
66%
Salt Fork {Arkansas}
66%
North Fork {Red}
63%
Red
63%
Snake
59%
North Branch {Potomac}
58%
Potomac
58%
South Branch {Potomac}
58%
Tennessee
58%
Columbia
56%
Rio {Grande}
56%
Delaware
55%
Yukon
52%
Green
50%
Alabama
48%
Connecticut
47%
Illinois
47%
Black
45%
Saint Lawrence
45%
East Fork {White}
42%
Platte
42%
White
42%
Iowa
41%
Sacramento
41%
Wabash
41%
Yellowstone
41%
James
39%
Susquehanna
38%
West Branch {Susquehanna}
38%
Chattahoochee
36%
Little
36%
New
34%
Indian
33%
Minnesota
33%
Allegheny
31%
Charles
31%
Kentucky
31%
North Fork {Kentucky}
31%
Wisconsin
31%
North Platte
30%
Saint John
30%
St. Johns
30%
Virgin
30%
Canadian
28%
South Platte
28%
Savannah
27%
West
27%
Bear
25%
Des Moines
25%
Salt
25%
Trinity
25%
Brazos
23%
Cedar
23%
{Clark} Fork
23%
Cumberland
23%
Gila
23%
Pecos
23%
{Red} River of the {North}
23%
Sabine
23%
Salmon
23%
San Joaquin
23%
Willamette
23%
Monongahela
22%
Wind
22%
Humboldt
20%
Republican
20%
San Juan
20%
Kuskokwim
19%
Milk
19%
Pea
19%
Cheyenne
17%
Cimarron
17%
East Branch {Penobscot}
17%
Fox
17%
Kennebec
17%
Kootenai
17%
Niobrara
17%
Pearl
17%
Penobscot
17%
Powder
17%
Smoky HIll
17%
Smoky Hill
17%
West Branch {Penobscot}
17%
Flint
16%
Klamath
16%
Roanoke
16%
Rock
16%
Verde
16%
Yakima
16%
Bighorn
14%
Elk
14%
Little Colorado
14%
Mohawk
14%
St. Joseph
14%
Big Sioux
13%
Deschutes
13%
Eel
13%
Huron
13%
Little Missouri
13%
Pit
13%
Porcupine
13%
Saint Francis
13%
Scioto
13%
Sevier
13%
Skagit
13%
St. Francis
13%
Tanana
13%
Androscoggin
11%
Colville
11%
Little Sioux
11%
Merrimack
11%
Neches
11%
Nueces
11%
Oconee
11%
Owyhee
11%
Palouse
11%
Pee Dee
11%
Saint Louis
11%
Youghiogheny
11%
Amargosa
9%
Black Warrior
9%
Bruneau
9%
French Broad
9%
Grande Ronde
9%
John Day
9%
Menominee
9%
Ouachita
9%
Owens
9%
Raccoon
9%
Rogue
9%
Suwannee
9%
Tar
9%
Tongue
9%
{Tug} Fork
9%
Wolf
9%
Wood
9%
Bad
8%
Belle Fourche
8%
{Blacks} Fork
8%
{Crab} Creek
8%
Kalamazoo
8%
Kettle
8%
Malheur
8%
Muskegon
8%
{Otter} Creek
8%
Puerco
8%
Rio {Puerco}
8%
Saline
8%
Sheyenne
8%
Souris
8%
Tombigee
8%
Bayou {Macon}
6%
Big Blue
6%
Blackfoot
6%
Blackstone
6%
Catawba
6%
Choptank
6%
Coosa
6%
Duck
6%
Great Miami
6%
Housatonic
6%
Manistee
6%
Maumee
6%
Mill
6%
Murderkill
6%
Musselshell
6%
Neosho
6%
Noatak
6%
Osage
6%
Otter Tail
6%
Pocomoke
6%
Rappahannock
6%
{Salmon} {Falls} Creek
6%
San Francisco
6%
South Fork {Solomon}
6%
Waimea
6%
Wapsipinicon
6%
Wild Rice
6%
Broad
5%
Cahaba
5%
Cape Fear
5%
Chippewa
5%
Conecuh
5%
Farmington
5%
Kankakee
5%
Kaskaskia
5%
Licking
5%
Little Wabash
5%
Monocacy
5%
Nanticoke
5%
Passaic
5%
Patuxent
5%
Red Lake
5%
Salinas
5%
San Pedro
5%
Schuylkill
5%
Similkameen
5%
Tippecanoe
5%
Wailuku
5%
Withlacoochee
5%
Yazoo
5%
Aroostook
3%
{Caney} Fork
3%
Carson
3%
Clinch
3%
{Conococheague} Creek
3%
Dolores
3%
Gasconade
3%
{Levisa} Fork
3%
Little White
3%
Maple
3%
Moose
3%
Moreau
3%
Naugatuck
3%
North Canadian
3%
North Fork {Wailua}
3%
Pend Oreille
3%
Raystown Branch {Juniata}
3%
River {Raisin}
3%
Sandusky
3%
Sangamon
3%
Santa Cruz
3%
Stikine
3%
Still
3%
Susitna
3%
Verdigris
3%
Woonasquatucket
3%
Alapaha
2%
Anahulu
2%
Au Sable
2%
{Batten} Kill
2%
Bayou {Bartholomew}
2%
Big Black
2%
Big Wood
2%
Boeuf
2%
{Brandywine} Creek
2%
Calcasieu
2%
Chariton
2%
Choctawhatchee
2%
Christina
2%
Deerfield
2%
Edisto
2%
Embarras
2%
Genesee
2%
Greenbrier
2%
Hanalei
2%
Hatchie
2%
Hoosic
2%
Innoko
2%
Kalihiwai
2%
{Kaukonahua} Stream
2%
{Kolekole} Stream
2%
Koyukuk
2%
Mahoning
2%
{Marshyhope} Creek
2%
Meramec
2%
Millers
2%
Mullica
2%
Neuse
2%
North Fork {Kaukonahua} Stream
2%
Ochlockonee
2%
Ocmulgee
2%
Ogeechee
2%
Patoka
2%
Pawcatuck
2%
Pawtuxet
2%
Pembina
2%
Price
2%
Quinebaug
2%
Quinnipiac
2%
Raritan
2%
Roseau
2%
Saco
2%
Santee
2%
Sassafras
2%
Satilla
2%
Scantic
2%
Shepaug
2%
Shiawassee
2%
South Branch {Raritan}
2%
South Fork {Kaukonahua} Stream
2%
Tallapoosa
2%
Tensas
2%
Tuscarawas
2%
Westfield
2%
{White} {Clay} Creek
2%
Yadkin
2%
Ammonoosuc
0%
Appomattox
0%
Ashuelot
0%
Auglaize
0%
{Carrizo} Creek
0%
Chickasawhay
0%
Contoocook
0%
Dan
0%
Elkhorn
0%
Frenchman
0%
Great Egg Harbor
0%
Guyandotte
0%
Hackensack
0%
Hiwassee
0%
Lamoille
0%
Lamprey
0%
Leaf
0%
Little Kanawha
0%
Lumber
0%
Lynches
0%
Magalloway
0%
Missisquoi
0%
Moosup
0%
Musconetcong
0%
Oconto
0%
Oswegatchie
0%
Pecatonica
0%
Pemigewasset
0%
Ponaganset
0%
Raquette
0%
Reese
0%
Sakonnet
0%
Saluda
0%
Ten Mile
0%
Tygart Valley
0%
Wallkill
0%
Washita
0%
Winooski
0%
Yalobusha
0%
No matching quizzes found
Score Distribution
Percent of People with Each Score
Percentile by Number Answered
Your Score History
You have not taken this quiz since the last reset